000 00336nam a2200157Ia 4500
005 20250425161446.0
008 250425s9999 xx 000 0 und d
041 _aspa
082 _aIBM4381
245 0 _aPILAS ELECTRICAS
250 _aS.E.
260 _aS.L.
260 _aSin Pais
_bCEND
_c1962
942 _c01
010 _a20803
999 _c209695
_d209695